000 00604cam a22002053a 4500
001 39185
003 PGUSA
005 20140828083853.0
008 120317s2012||||xxu|||||s|||||000 | eng d
040 _aPGUSA
_beng
042 _adc
100 1 _aGilson, Charles,
_d1878-1943
245 1 0 _aAcross the Cameroons :
_bA Story of War and Adventure
_h[electronic resource] /
_cCharles Gilson
260 _bProject Gutenberg,
_c2012
506 _aPublic domain in the USA.
516 _aElectronic text
830 0 _aProject Gutenberg
_v39185
856 4 0 _uhttp://www.gutenberg.org/ebooks/39185
942 _cEB
999 _c268438
_d268438